000 01146nam0a22003011 4500
001 rc\2582029
005 20250623120317.0
035 _a(NLR Aleph) 006746487
090 _a5699360
_c5699360
100 _a20110914d1928 |||y0rusy50 ca
101 0 _arus
102 _aRU
105 _ay z |||a|
200 1 _aСаламбо
_dSalammbo
_eРоман
_fГ. Флобер. G. Flaubert
_gОбработка и примеч. Б. Исаева
_gОбложка художника С. Лодыгина
210 _aМосква
_cакц. издат. о-во Земля и фабрика (ЗиФ)
_d1928
_gтип. Госиздата "Красный пролетарий"
215 _a160 с.
_d21х14 см.
225 1 _aБиблиотека исторических романов
_v№ 4
300 _aПрилож. к журн. "30 дней" в 1928 г.
510 0 _aSalammbo
700 1 _aФлобер
_bГ.
_f1821-1880
_gГюстав
702 1 _aИсаев
_bБ.
_4212
702 1 _aЛодыгин
_bС.
_4440
801 0 _aRU
_bNLR
_gpsbo
801 1 _aRU
_bELAR
_2rusmarc
852 _aNLR
_j44/99(4)
942 _cBOOK
980 _aNB